|
|
|
|
| LEADER |
00000cam a22000004a 4500 |
| 001 |
musev2_7067 |
| 003 |
MdBmJHUP |
| 005 |
20230905040822.0 |
| 006 |
m o d |
| 007 |
cr||||||||nn|n |
| 008 |
070607s2007 miu o 00 0 eng d |
| 010 |
|
|
|z 2007023387
|
| 020 |
|
|
|a 9780472025855
|
| 020 |
|
|
|z 9780472116270
|
| 020 |
|
|
|z 9780472033195
|
| 035 |
|
|
|a (OCoLC)593285517
|
| 040 |
|
|
|a MdBmJHUP
|c MdBmJHUP
|
| 043 |
|
|
|a n-us---
|a e-ru---
|
| 050 |
0 |
4 |
|a JK2281
|b .S73 2007
|
| 082 |
0 |
|
|a 324.7/2
|2 22
|
| 245 |
0 |
4 |
|a The Strategy of Campaigning :
|b Lessons from Ronald Reagan and Boris Yeltsin /
|c by Kiron K. Skinner ... [et al.] ; foreword by George P. Shultz.
|
| 264 |
|
1 |
|a Ann Arbor :
|b The University of Michigan Press,
|c 2007.
|
| 264 |
|
3 |
|a Baltimore, Md. :
|b Project MUSE,
|c 2012
|
| 264 |
|
4 |
|c ©2007.
|
| 300 |
|
|
|a 1 online resource (352 pages).
|
| 336 |
|
|
|a text
|b txt
|2 rdacontent
|
| 337 |
|
|
|a computer
|b c
|2 rdamedia
|
| 338 |
|
|
|a online resource
|b cr
|2 rdacarrier
|
| 504 |
|
|
|a Includes bibliographical references (p. 305-320) and index.
|
| 505 |
0 |
|
|a Foreword / George P. Shultz -- Campaign strategy -- The New South rises : competition for the Republican presidential nomination in 1968 -- Down to political defeat : Reagan's inability to break Ford's coalition in the 1976 primaries -- Reshaping the domestic and international landscape, part 1 : the long road to the 1980 presidential election -- Reshaping the domestic and international landscape, part 2 : the 1980 presidential election -- Fighting the nomenklatura's privileges : the rhetorical campaign of 1986-88 -- Yeltsin's winning campaigns : down with privileges and out of the USSR, 1989-91 -- Conclusions -- Notes -- Bibliography -- Index.
|
| 588 |
|
|
|a Description based on print version record.
|
| 650 |
|
0 |
|a Political campaigns
|z Russia (Federation)
|
| 650 |
|
0 |
|a Presidents
|z Russia (Federation)
|x Election.
|
| 650 |
|
0 |
|a Presidents
|z United States
|x Election
|y 1980.
|
| 650 |
|
0 |
|a Political campaigns
|z United States.
|
| 600 |
1 |
0 |
|a Yeltsin, Boris Nikolayevich,
|d 1931-2007.
|
| 600 |
1 |
0 |
|a Reagan, Ronald.
|
| 655 |
|
7 |
|a Electronic books.
|2 local
|
| 700 |
1 |
|
|a Skinner, Kiron K.
|
| 710 |
2 |
|
|a Project Muse.
|e distributor
|
| 830 |
|
0 |
|a Book collections on Project MUSE.
|
| 856 |
4 |
0 |
|z Texto completo
|u https://projectmuse.uam.elogim.com/book/7067/
|
| 945 |
|
|
|a Project MUSE - Custom Collection
|
| 945 |
|
|
|a Project MUSE - Archive Complete Foundation
|
| 945 |
|
|
|a Project MUSE - Archive Political Science and Policy Studies Foundation
|